000 00799nam a2200193Ii 4500
003 JO-AjNU
008 230605s9999||||xx |||||||||||||| ||und||
040 _aJO-AjNU
_bara
_erda
_cJO-AjNU
041 _aara
050 1 4 _aLC3993.Z8222 2012
100 3 _aالزعبي، أحمد محمد,
_eauthor
_944605
245 0 0 _aالتربية الخاصة للموهوبين والمعوقين وسبل رعايتهم وإرشادهم
264 3 1 _aعمان:دار زهران،2012
300 _a282ص
336 _atext
_btxt
_2rdacontent
337 _aunmediated
_bn
_2rdamedia
338 _avolume
_bnc
_2rdacarrier
650 4 _aالأطفال الموهوبون-تعليم-الخدمة الاجتماعية للمعوقين. الفئات الخاصة-تعليم-المعوقون-تعليم
_944606
999 _aA19272
_c22840
_d22840